LEADER 01265nam a2200289 i 4500 001 000000245693 003 CaOOAMICUS 005 20181119165409.0 008 151016s1993 it u000 u ita u 013 $a224598 020 $a88-859-8924-1 040 $aSeMil$bita 100 1 $aCervetti, Gianni.$0(OLS)http://semarc/name/69853 245 12$aL'oro di Mosca :$bla testimonianza di un protagonista /$cGianni Cervetti. 260 $aMilano :$bBaldini&Castoldi,$cstampa 1993. 300 $a147 p. ;$c25 cm. 490 0 $aI saggi [Baldini&Castoldi] ;$v19 650 4$aPartito Comunista dell'Unione Sovietica - Storia.$0(OLS)http://semarc/subject/25845 650 4$aPartito Comunista Italiano <1921-1991> - Politica - 1975-1981.$0(OLS)http://semarc/subject/42394 830 2$aI saggi ;$v19.$0(OLS)http://semarc/title/419984 850 $aSeMil 852 $aSeMil$W1$xVenegono$y1$m3U IV 480$j196039$B196039$CSeMilBibl$Z2$F207869 $81 961 $aOmaggio: Martinelli don Romano 996 $6020$a88-859-8924-1$9(OLS)http://semarc/number/254345 996 $6245$aL'oro di Mosca :$bla testimonianza di un protagonista$9(OLS)http://semarc/title/347316 996 $6260$aMilano :$bBaldini&Castoldi$9(OLS)http://semarc/publisher/31951 LEADER 01377nam a2200241 4500 001 000000353800 003 CaOOAMICUS 005 20230515142637.0 008 230515s1970 vc 000 u fre r 040 $aSeMil$bita 100 1 $aRoy, Maurice .$0(OLS)http://semarc/name/70585 240 10$aMessage of his eminence Maurice Cardinal Roy president on the occasion of the launching of the second development decade.$0(OLS)http://semarc/title/443927 245 10$aMessage du cardinal Maurice Roy président à l'occasion du lancement de la deuxième décennie du développement, 19 novembre 1970 /$cPontificia Commissio Iustitia et Pax. 250 $aTraduit du texte officiel anglais 264 1$a[Città del Vaticano] :$bTypis Polyglottis Vaticanis,$c1970. 300 $a22 p. ;$c23 cm 546 $aFrancese 710 1 $aChiesa Cattolica : Pontificio Consiglio della giustizia e della pace.$0(OLS)http://semarc/name/113074 850 $aSeMil 852 $aSeMil$W1$xVenegono$y1$m5A IV 3/23$j240369$B245009$CSeMilBibl$Z2$F245009 $81 996 $6245$aMessage du cardinal Maurice Roy président à l'occasion du lancement de la deuxième décennie du développement, 19 novembre 1970$9(OLS)http://semarc/title/443932 996 $6264$a[Città del Vaticano] :$bTypis Polyglottis Vaticanis$9(OLS)http://semarc/publisher/34811